Персоналии ИстРоса #: 1825-1855 - Statistics

General Stats
  • This quiz has been taken 9 times
    4 since last reset
  • The average score is 25 of 42
Answer Stats
Picture Answer % Correct
Егор Канкрин
100%
Сергей Уваров
100%
Павел Киселев
100%
Александр Герцен
100%
Иван Дибич
100%
Петр Витгенштейн
100%
Михаил Лазарев
100%
Павел Нахимов
100%
Петр Кошка
100%
Шамиль
100%
Даша Севастопольская
100%
Николай Станкевич
100%
Александр Бенкендорф
75%
Петр Чаадаев
75%
Виссарион Белинский
75%
Михаил Бакунин
75%
Александр Грибоедов
75%
Владимир Корнилов
75%
Владимир Истомин
75%
Юрий Самарин
50%
Николай Огарев
50%
Карл Нессельроде
50%
Иван Паскевич
50%
Александр Меншиков
50%
Василий Перовский
50%
Николай Пирогов
50%
Михаил Сперанский
50%
Леонтий Дубельт
50%
Николай Муравьев
25%
Алексей Хомяков
25%
Константин Аксаков
25%
Иван Аксаков
25%
Михаил Буташевич-Петрашевский
25%
Тимофей Грановский
25%
Николай Некрасов
25%
Михаил Катков
25%
Алексей Орлов
25%
Эдуард Тотлебен
25%
Петр Клейнмихель
25%
Геннадий Невельской
25%
Михаил Горчаков
25%
Александр Барятинский
0%
No matching quizzes found
Score Distribution
Percent of People with Each Score
Percentile by Number Answered
Your Score History
You have not taken this quiz since the last reset